| Поле | Название | Значение |
| |
Тип записи |
a |
| |
Библиографический уровень |
m |
| 001 |
Контрольный номер |
RU/URAIT/533750 |
| 003 |
Принадлежность контрольного номера |
https://urait.ru/bcode/533750 |
| 005 |
Дата корректировки |
20240827112656.3 |
| 008 |
Кодируемые данные |
|
| 020 |
Индекс ISBN |
__ |
| a |
ISBN |
978-5-534-17797-8 |
| c |
Цена, тираж |
1939.00 |
| 040 |
Источник каталогиз. |
__ |
| a |
Служба первич. каталог. |
ИКО Юрайт |
| b |
Код языка каталог. |
rus |
| c |
Служба, преобразующая запись |
ИКО Юрайт |
| 041 |
Код языка издания |
0_ |
| a |
Код языка текста |
rus |
| 044 |
Код страны публикации |
__ |
| a |
Код страны публикации |
RU |
| 073 |
|
_1 |
| a |
|
9785534177978 |
| d |
|
1939.00 |
| 080 |
Индекс УДК |
__ |
| a |
Индекс УДК |
343.98(075.8) |
| 084 |
Индекс другой классификации/Индекс ББК |
__ |
| a |
Индекс другой классификации/Индекс ББК |
67я73 |
| 2 |
Источник индекса |
rubbk |
| 091 |
Индексы/ коды |
__ |
| a |
Индекс ББК (DOS) |
67я73 |
| z |
|
rubbk |
| 100 |
Автор |
1_ |
| a |
Автор |
Лапин Е. |
| q |
Полное имя |
Евгений |
| 230 |
|
__ |
| a |
|
Электрон. дан. |
| 245 |
Заглавие |
00 |
| a |
Заглавие |
Теория оперативно-розыскной деятельности |
| b |
Продолж. заглавия |
учебник и практикум |
| c |
Ответственность |
Е. С. Лапин. |
| 250 |
Сведения об издании |
__ |
| a |
Основные сведения об издании |
8-е изд. |
| b |
Дополнительные сведения об издании |
пер. и доп |
| 260 |
Выходные данные |
1_ |
| a |
Место издания |
Москва |
| b |
Издательство |
Юрайт |
| c |
Дата издания |
2024 |
| 300 |
Физическое описание |
__ |
| a |
Объем |
469 с |
| 440 |
Серия |
_0 |
| a |
Серия |
Высшее образование |
| 500 |
Примечания |
__ |
| a |
Примечание |
URL: https://urait.ru/bcode/533750 (дата обращения: 27.08.2024). |
| 520 |
Аннотация |
__ |
| a |
Аннотация |
Значение оперативно-розыскной деятельности (ОРД) для выявления, раскрытия, расследования и предупреждения преступлений, а также для целей гражданского судопроизводства велико. В представленном курсе раскрыты основные теоретико-юридические положения оперативно-розыскной деятельности, представляющие собой необходимые и достаточные данные для познания указанной деятельности изучающими современную юриспруденцию. Соответствует актуальным требованиям федерального государственного образовательного стандарта высшего образования по направлению подготовки «Юриспруденция» (уровень бакалавриата). Издание предназначено для студентов и преподавателей образовательных учреждений высшего образования. |
| 538 |
Прим. о системных особенностях |
__ |
| a |
Прим. о системных особенностях |
Режим доступа: Электронно-библиотечная система Юрайт, для авториз. пользователей |
| 653 |
Ключевые слова |
2_ |
| a |
Ключевые слова |
Правоохранительные органы и силовые структуры |
| 653 |
Ключевые слова |
2_ |
| a |
Ключевые слова |
Юридические науки |
| 653 |
Ключевые слова |
2_ |
| a |
Ключевые слова |
Теория ОРД |
| 653 |
Ключевые слова |
2_ |
| a |
Ключевые слова |
Теория оперативно-розыскной деятельности |
| 653 |
Ключевые слова |
2_ |
| a |
Ключевые слова |
Правовые основы оперативно-розыскной деятельности |
| 653 |
Ключевые слова |
2_ |
| a |
Ключевые слова |
Теория и практика оперативно - розыскного обеспечения предварительного следствия |
| 653 |
Ключевые слова |
2_ |
| a |
Ключевые слова |
Соотношение оперативно-розыскной и уголовно-процессуальной деятельности |
| 653 |
Ключевые слова |
2_ |
| a |
Ключевые слова |
Правовое регулирование оперативно-розыскной деятельности проблемы использования полученных данных в судопроизводстве |
| 653 |
Ключевые слова |
2_ |
| a |
Ключевые слова |
Розыск как компонент уголовного преследования |
| 653 |
Ключевые слова |
2_ |
| a |
Ключевые слова |
Теория и нормативно-правовые основы розыска |
| 653 |
Ключевые слова |
2_ |
| a |
Ключевые слова |
Тактико-правовые особенности розыска имущества должника |
| 653 |
Ключевые слова |
2_ |
| a |
Ключевые слова |
проблемы оперативно-розыскной деятельности |
| 653 |
Ключевые слова |
2_ |
| a |
Ключевые слова |
Полицейская и оперативно-розыскная деятельность |
| 653 |
Ключевые слова |
2_ |
| a |
Ключевые слова |
Правоохранительные органы и основы ОРД |
| 653 |
Ключевые слова |
2_ |
| a |
Ключевые слова |
Правовое обеспечение ОРД |
| 653 |
Ключевые слова |
2_ |
| a |
Ключевые слова |
Тактические и прикладные проблемы оперативно-розыскной деятельности |
| 653 |
Ключевые слова |
2_ |
| a |
Ключевые слова |
Теория и методология розыскной деятельности |
| 653 |
Ключевые слова |
2_ |
| a |
Ключевые слова |
Проблемы теории и практики оперативно-розыскной деятельности |
| 653 |
Ключевые слова |
2_ |
| a |
Ключевые слова |
Правовые основы принятия решений в оперативно-розыскной деятельности |
| 653 |
Ключевые слова |
2_ |
| a |
Ключевые слова |
Оперативно-розыскное право |
| 856 |
Электронный адрес документа |
40 |
| n |
Местонахождение сервера |
Юрайт |
| g |
|
Электронная книга |
| q |
Тип электронного формата |
html |
| h |
Имя пользователя |
ЮРАЙТ |
| v |
Часы доступа к ресурсу |
20251231 |
| 2 |
Способ доступа |
Показать документ |
| x |
Служебное примечание |
https://urait.ru/book/cover/A2085D5D-23E3-4113-AB62-CE47E3C2B528 |
| u |
URL |
https://urait.ru/bcode/533750 |
| 856 |
Электронный адрес документа |
41 |
| q |
Тип электронного формата |
cover |
| u |
URL |
https://urait.ru/book/cover/A2085D5D-23E3-4113-AB62-CE47E3C2B528 |